| 000 | 00612cam a22002171 4500 | ||
|---|---|---|---|
| 001 | sa 68019832 | ||
| 003 | DLC | ||
| 005 | 20260227112720.0 | ||
| 008 | 781006q1960 io 000 0 ind | ||
| 010 | _asa 68019832 | ||
| 035 | _a(OCoLC)4278781 | ||
| 040 |
_aDLC _cCtY _dDLC |
||
| 041 | 0 | _aindara | |
| 042 | _apremarc | ||
| 050 | 0 | 0 |
_aPL5089.A242 _bS4 |
| 100 | 0 |
_aAboebakar Atjeh, _cHadji. |
|
| 245 | 1 | 0 |
_aSedjarah Hidup nabi Muhammad s. a. w., _bbersadjak, _coleh H. Aboebakar Atjeh. |
| 260 |
_aTjirebon, _bToko Messir _c[196-?] |
||
| 300 |
_a65 p. _c22 cm. |
||
| 600 | 0 | 0 |
_aMuḼammad, _cProphet, _d-632 _vPoetry. |
| 999 |
_c89102 _d89102 |
||